000 00388nam a2200157Ia 4500
008 230312s9999||||xx |||||||||||||| ||und||
020 _a0-07-471439-2
082 _a658.15
_bPEI-B
100 _aPeirson,Graham
245 0 _aBusiness Finance
260 _bMcGraw-Hill
_aAstralia
_c2003
300 _a902
546 _aEng.
650 _aAccounting
_vConsumption, Value of Money
942 _cBK
999 _c739
_d739